Revue politique et parlementaire / (Record no. 2135)

MARC details
000 -LEADER
campo de control de longitud fija 00999nas a2200277 i 4500
001 - NÚMERO DE CONTROL
campo de control 2135
003 - IDENTIFICADOR DE NÚMERO DE CONTROL
campo de control ES-MaACL
005 - FECHA Y HORA DE LA ÚLTIMA TRANSACCIÓN
campo de control 20250729062614.0
008 - DATOS DE LONGITUD FIJA--INFORMACIÓN GENERAL
campo de control de longitud fija 950801c1894 fr m| | 1 ||re d
080 ## - NÚMERO DE LA CLASIFICACIÓN DECIMAL UNIVERSAL
Número de la Clasificación Decimal Universal 44
245 00 - MENCIÓN DEL TÍTULO
Título Revue politique et parlementaire /
Mención de responsabilidad, etc. dir. Marcel Fournier.
260 ## - PUBLICACIÓN, DISTRIBUCIÓN, ETC.
Lugar de publicación, distribución, etc. Paris :
Nombre del editor, distribuidor, etc. Armand Colin,
Fecha de publicación, distribución, etc. 1894- (
Fabricante E. Capiomont et Cie)
300 ## - DESCRIPCIÓN FÍSICA
Extensión 160 v. ;
Dimensiones 25 cm.
310 ## - PERIODICIDAD ACTUAL
Periodicidad actual Mensual
362 0# - FECHAS DE PUBLICACIÓN Y/O DESIGNACIÓN SECUENCIAL
Fecha de publicación y/o designación secuencial Año I, t. I (jul. 1894)-
500 ## - NOTA GENERAL
Nota general El t. VI es índice de los años 1894-95.
500 ## - NOTA GENERAL
Nota general El t. XXIV es índice de los años 1894-1900.
500 ## - NOTA GENERAL
Nota general El t. XXXVIII es índice de 1903.
650 #7 - PUNTO DE ACCESO ADICIONAL DE MATERIA--TÉRMINO DE MATERIA
Término de materia o nombre geográfico como elemento de entrada Política
Fuente del encabezamiento o término embne
9 (RLIN) 140345
700 0# - ENTRADA AGREGADA--NOMBRE PERSONAL
Nombre de persona Fournier, Marcel.
9 (RLIN) 51985
700 0# - ENTRADA AGREGADA--NOMBRE PERSONAL
Nombre de persona Faure, Fernand.
9 (RLIN) 48960
700 1# - ENTRADA AGREGADA--NOMBRE PERSONAL
Nombre de persona Julia, Edouard,
Término indicativo de función/relación
9 (RLIN) 194401
852 ## - LOCALIZACIÓN
Ubicación ES-MaACL
Número de control de estantería Hem-443
866 #0 - MENCIÓN TEXTUAL DE FONDOS--UNIDAD BIBLIOGRÁFICA BÁSICA
Fondos 1894-1907 (1908 f.t.LVII) 1909-1910 (1911 f.t.LXVII) 1912-1928 (1929 f.t. CXXXVIII y CXXXXIX) (1930 f. mar.)1931-1934 (1935) (1936 f. ene.)
Holdings
Estatus retirado Estado de pérdida Estado de daño No para préstamo Colección Biblioteca de origen Biblioteca actual Ubicación en estantería Fecha de adquisición Fuente de adquisición Total de préstamos Signatura topográfica completa Código de barras Visto por última vez Precio de reemplazo Tipo de ítem Koha
        Periódicos y Revistas Biblioteca del Ateneo de Madrid Biblioteca del Ateneo de Madrid Depósito 1 17/01/2008     Hem-443 1002174 23/02/2023 23/02/2023 Revista